[Event "Guillermo Garcia Memorial-B 28th"]
[Site "Santa Clara"]
[Date "2019.04.29"]
[Round "7"]
[White "Nogueiras Santiago, Jesus"]
[Black "Fernandez de La Vara, Arnaldo"]
[Result "1-0"]
[WhiteElo "2458"]
[BlackElo "2478"]
[PlyCount "52"]
[EventDate "2019.04.23"]
[EventType "tourn"]
[EventRounds "9"]
[EventCountry "CUB"]
[EventCategory "6"]
[SourceTitle "CBM 190 Extra"]
[Source "ChessBase"]
[SourceDate "2019.07.15"]
[SourceVersion "1"]
[SourceVersionDate "2019.07.15"]
[SourceQuality "1"]

1. c4 e6 2. g3 Nf6 3. Bg2 d5 4. Nf3 d4 5. b4 Bxb4 6. Qa4+ Nc6 7. Ne5 Rb8 8. Nxc6 bxc6 9. 0-0 0-0 10. d3 Nd7 11. Bd2 Nc5 12. Qc2 e5 13. Bxb4 Rxb4 14. Nd2 Bg4 15. Nb3 Qd6 16. h3 Bd7 17. Qd2 Rfb8 18. f4 f6 19. fxe5 fxe5 20. Nxc5 Qxc5 21. Qg5 Qd6 22. Be4 Be8 23. c5 Qe6 24. Bf5 Qh6 25. Qe7 Qe3+ 26. Kh1 Bg6 1-0

[Event "Guillermo Garcia Memorial-B 28th"]
[Site "Santa Clara"]
[Date "2019.04.28"]
[Round "6"]
[White "Diaz Rosas, Julio Cesar"]
[Black "Nogueiras Santiago, Jesus"]
[Result "0-1"]
[WhiteElo "2323"]
[BlackElo "2458"]
[PlyCount "66"]
[EventDate "2019.04.23"]
[EventType "tourn"]
[EventRounds "9"]
[EventCountry "CUB"]
[EventCategory "6"]
[SourceTitle "CBM 190 Extra"]
[Source "ChessBase"]
[SourceDate "2019.07.15"]
[SourceVersion "1"]
[SourceVersionDate "2019.07.15"]
[SourceQuality "1"]

1. e4 Nf6 2. e5 Nd5 3. c4 Nb6 4. d4 d6 5. f4 Bf5 6. Nc3 e6 7. Nf3 Be7 8. Be3 0-0 9. Bd3 dxe5 10. fxe5 Bg4 11. Qc2 Nc6 12. 0-0-0 Nb4 13. Bxh7+ Kh8 14. Qe4 Bxf3 15. gxf3 Nxc4 16. d5 Nxe3 17. Qxe3 Kxh7 18. dxe6 Qe8 19. Rhg1 fxe6 20. f4 Qf7 21. Rg4 Qf5 22. Qh3+ Kg8 23. Qg2 Rf7 24. Rg1 Nd3+ 25. Kd2 g5 26. Ne4 Nxf4 27. Qf3 Rd8+ 28. Kc2 Ng6 29. Qe3 Qxe5 30. Rxg5 Bxg5 31. Rxg5 Rf2+ 32. Qxf2 Qxe4+ 33. Kc1 Qc4+ 0-1

[Event "Guillermo Garcia Memorial-B 28th"]
[Site "Santa Clara"]
[Date "2019.04.27"]
[Round "5"]
[White "Nogueiras Santiago, Jesus"]
[Black "Avila Pavas, Santiago"]
[Result "1/2-1/2"]
[WhiteElo "2458"]
[BlackElo "2295"]
[PlyCount "60"]
[EventDate "2019.04.23"]
[EventType "tourn"]
[EventRounds "9"]
[EventCountry "CUB"]
[EventCategory "6"]
[SourceTitle "CBM 190 Extra"]
[Source "ChessBase"]
[SourceDate "2019.07.15"]
[SourceVersion "1"]
[SourceVersionDate "2019.07.15"]
[SourceQuality "1"]

1. c4 e6 2. g3 d5 3. Bg2 Nf6 4. Nf3 dxc4 5. Qa4+ Bd7 6. Qxc4 c5 7. Ne5 Qc8 8. Nxd7 Qxd7 9. Nc3 Nc6 10. 0-0 Rc8 11. Qa4 Be7 12. d3 0-0 13. Be3 Rfd8 14. Rfc1 b6 15. Rab1 h6 16. a3 Bf8 17. h3 Ne8 18. b4 cxb4 19. axb4 Nd4 20. Qxd7 Rxd7 21. Bxd4 Rxd4 22. Nb5 Rxb4 23. Nxa7 Rxc1+ 24. Rxc1 Nd6 25. e3 Rb2 26. Nc8 Nf5 27. d4 g6 28. Be4 b5 29. Rb1 Rxb1+ 30. Bxb1 Nd6 1/2-1/2

[Event "Guillermo Garcia Memorial-B 28th"]
[Site "Santa Clara"]
[Date "2019.04.23"]
[Round "1"]
[White "Quesada Perez, Luis Ernesto"]
[Black "Nogueiras Santiago, Jesus"]
[Result "1/2-1/2"]
[WhiteElo "2518"]
[BlackElo "2458"]
[PlyCount "80"]
[EventDate "2019.04.23"]
[EventType "tourn"]
[EventRounds "9"]
[EventCountry "CUB"]
[EventCategory "6"]
[SourceTitle "CBM 190 Extra"]
[Source "ChessBase"]
[SourceDate "2019.07.15"]
[SourceVersion "1"]
[SourceVersionDate "2019.07.15"]
[SourceQuality "1"]

1. Nf3 d5 2. g3 Nc6 3. d4 Bf5 4. Bg2 Nb4 5. Na3 e6 6. 0-0 c6 7. c3 Na6 8. b3 h6 9. Bb2 Nf6 10. Nb1 Be7 11. Nbd2 0-0 12. c4 Bh7 13. a3 Nc7 14. Rc1 a5 15. e3 Nce8 16. Qe2 Nd6 17. Rfd1 Nde4 18. Nxe4 Nxe4 19. Ne5 Bd6 20. Nd3 f5 21. b4 axb4 22. axb4 g5 23. c5 Bc7 24. Ra1 Qe7 25. f3 Nf6 26. b5 cxb5 27. Nb4 f4 28. exf4 gxf4 29. g4 Ra4 30. Bc3 Bg6 31. Re1 e5 32. Qxb5 Rxa1 33. Bxa1 Nxg4 34. Nxd5 Qh4 35. Re2 Qxh2+ 36. Kf1 Qg3 37. Qb3 Kh7 38. dxe5 Be4 39. Kg1 Qh2+ 40. Kf1 Qg3 1/2-1/2

[Event "Santa Clara Generations m"]
[Site "Santa Clara"]
[Date "2018.07.01"]
[Round "4"]
[White "Quesada Perez, Luis Ernesto"]
[Black "Nogueiras Santiago, Jesus"]
[Result "1-0"]
[WhiteElo "2498"]
[BlackElo "2491"]
[PlyCount "81"]
[EventDate "2018.06.28"]
[EventType "match"]
[EventRounds "6"]
[EventCountry "CUB"]
[SourceTitle "EXT 2021"]
[Source "ChessBase"]
[SourceDate "2020.10.23"]
[SourceVersion "1"]
[SourceVersionDate "2020.10.23"]
[SourceQuality "1"]

1. d4 e6 2. c4 b6 3. e4 Bb7 4. Nc3 Bb4 5. e5 f6 6. Nf3 fxe5 7. Nxe5 Qh4 8. Nf3 Qg4 9. Be2 Qxg2 10. Rg1 Qh3 11. Rxg7 Nf6 12. Rg3 Qh5 13. Rg5 Qh3 14. d5 Rf8 15. Rg3 Qh5 16. Rg5 Qh3 17. Rg3 Qh5 18. Rg5 Qh3 19. Bf1 Qh6 20. Re5 Qg7 21. dxe6 Nc6 22. exd7+ Kd8 23. Ng5 Qxd7 24. Re3 Qxd1+ 25. Kxd1 Bc8 26. Rd3+ Ke7 27. Bg2 Bg4+ 28. Kc2 Ne5 29. Re3 Bf5+ 30. Kb3 Bxc3 31. Kxc3 Nfg4 32. Re1 Rad8 33. f4 Rd3+ 34. Kb4 Bd7 35. b3 a5+ 36. Ka3 a4 37. Nf3 Rxf3 38. Bxf3 Kd8 39. fxe5 Rxf3 40. Bg5+ Ke8 41. e6 1-0

[Event "Guillermo Garcia Memorial-A 27th"]
[Site "Santa Clara"]
[Date "2018.05.29"]
[Round "7"]
[White "Fernandez Cardoso, Alexey"]
[Black "Nogueiras Santiago, Jesus"]
[Result "1-0"]
[WhiteElo "2436"]
[BlackElo "2501"]
[PlyCount "133"]
[EventDate "2018.05.22"]
[EventType "tourn"]
[EventRounds "9"]
[EventCountry "CUB"]
[EventCategory "8"]
[SourceTitle "CBM 184 Extra"]
[Source "ChessBase"]
[SourceDate "2018.06.28"]
[SourceVersion "1"]
[SourceVersionDate "2018.06.28"]
[SourceQuality "1"]

1. e4 e6 2. d4 d5 3. Nd2 Ne7 4. Ngf3 Ng6 5. h4 h5 6. c3 c5 7. exd5 exd5 8. Bb5+ Bd7 9. Bxd7+ Nxd7 10. 0-0 Be7 11. dxc5 Nxc5 12. g3 Qd7 13. Nb3 Ne4 14. Be3 0-0 15. Nfd4 Qh3 16. Qf3 f5 17. Qg2 Qxg2+ 18. Kxg2 f4 19. gxf4 Nxf4+ 20. Bxf4 Rxf4 21. f3 Nd6 22. Ne6 Rxh4 23. Nbd4 Rc8 24. Kg3 Kf7 25. Nf4 Rc4 26. Nxd5 Rhxd4 27. cxd4 Nf5+ 28. Kh3 Bd6 29. Nc3 g5 30. Ne4 Bf4 31. Rg1 Rc2 32. Rg2 g4+ 33. fxg4 hxg4+ 34. Kxg4 Ne3+ 35. Kxf4 Nxg2+ 36. Ke5 Ne3 37. b3 Rh2 38. Rg1 Rxa2 39. Nd6+ Kf8 40. Nxb7 Re2 41. Nc5 Kf7 42. Ke4 Nc2+ 43. Kd3 Rh2 44. Rc1 Nb4+ 45. Kc4 Nc2 46. Kc3 Na3 47. Ra1 Rh3+ 48. Nd3 Nb5+ 49. Kc4 Nd6+ 50. Kd5 Nb5 51. Ne5+ Ke7 52. Kc4 Nd6+ 53. Kb4 Nc8 54. Nc6+ Kd7 55. Nxa7 Nd6 56. Rg1 Rh4 57. Rg7+ Ke6 58. Nb5 Nxb5 59. Kxb5 Rxd4 60. b4 Kd6 61. Ka5 Rh4 62. b5 Rh8 63. b6 Ra8+ 64. Kb5 Ra1 65. Rc7 Ra2 66. Rc1 Kd7 67. b7 1-0

[Event "Guillermo Garcia Memorial-A 27th"]
[Site "Santa Clara"]
[Date "2018.05.28"]
[Round "6"]
[White "Nogueiras Santiago, Jesus"]
[Black "Oliva Castaneda, Kevel"]
[Result "1/2-1/2"]
[WhiteElo "2501"]
[BlackElo "2511"]
[PlyCount "207"]
[EventDate "2018.05.22"]
[EventType "tourn"]
[EventRounds "9"]
[EventCountry "CUB"]
[EventCategory "8"]
[SourceTitle "CBM 184 Extra"]
[Source "ChessBase"]
[SourceDate "2018.06.28"]
[SourceVersion "1"]
[SourceVersionDate "2018.06.28"]
[SourceQuality "1"]

1. d4 d5 2. c4 c6 3. Nc3 Nf6 4. e3 Bf5 5. cxd5 cxd5 6. Qb3 Nc6 7. Qxb7 Bd7 8. Qb3 Rb8 9. Qd1 e5 10. Nge2 Bd6 11. g3 e4 12. Bg2 h5 13. f3 exf3 14. Bxf3 Ne7 15. e4 dxe4 16. Nxe4 Nxe4 17. Bxe4 h4 18. Kf2 Qa5 19. b3 Bg4 20. Qd3 hxg3+ 21. Nxg3 Qc7 22. Bd2 f5 23. Bg2 f4 24. Ne4 f3 25. Bf1 Bf5 26. Re1 Bxh2 27. Qc4 Rf8 28. Qxc7 Bxc7 29. Bg5 Rb6 30. Nc5 Bd8 31. Bh3 Rg6 32. Bxf5 Rxf5 33. Rh8+ Kf7 34. Rxd8 Rgxg5 35. Rd7 Rg2+ 36. Kf1 Rh5 37. Rexe7+ Kg8 38. Rxg7+ Rxg7 39. Rxg7+ Kxg7 40. Kf2 Rh3 41. d5 Rh5 42. Kxf3 Rxd5 43. Ne4 Kf7 44. Ke3 Ke6 45. Nc3 Rd7 46. Ke4 Rd2 47. Ke3 Rd7 48. Ke4 Rc7 49. Kd4 Kd7 50. Nb5 Rb7 51. Kc5 a6 52. Nd4 Rb8 53. b4 Rc8+ 54. Kd5 Kc7 55. a4 Rh8 56. Nb3 Kb6 57. Na5 Rh5+ 58. Kc4 Rh4+ 59. Kc3 Rh3+ 60. Kb2 Kc7 61. Nb3 Kb6 62. Na5 Kc7 63. Nb3 Kc6 64. Na5+ Kd5 65. Ka2 Kd4 66. Kb2 Rh5 67. Kb3 Kd3 68. Nc6 Rg5 69. Na5 Rf5 70. Nc6 Rh5 71. Na5 Kd4 72. Nc6+ Kd5 73. Na5 Rh3+ 74. Kb2 Rg3 75. Ka2 Kd4 76. Kb2 Rf3 77. Nc6+ Kd5 78. Na5 Rh3 79. Ka2 Kd4 80. Kb2 Kd3 81. Kb3 Rh1 82. Kb2 Rg1 83. b5 Rg5 84. Kb3 axb5 85. axb5 Rxb5+ 86. Ka4 Rb8 87. Nc6 Rb6 88. Na5 Kc3 89. Ka3 Rb5 90. Ka4 Rb6 91. Ka3 Rb4 92. Nc6 Rc4 93. Na5 Re4 94. Nc6 Rh4 95. Na5 Rg4 96. Nc6 Rf4 97. Na5 Rf1 98. Ka4 Rb1 99. Nc6 Rb6 100. Na5 Kd4 101. Nb3+ Kc4 102. Na5+ Kc3 103. Ka3 Rb4 104. Nc6 1/2-1/2

[Event "Guillermo Garcia Memorial-A 27th"]
[Site "Santa Clara"]
[Date "2018.05.26"]
[Round "5"]
[White "Martin Del Campo C, Roberto Abel"]
[Black "Nogueiras Santiago, Jesus"]
[Result "0-1"]
[WhiteElo "2351"]
[BlackElo "2501"]
[PlyCount "86"]
[EventDate "2018.05.22"]
[EventType "tourn"]
[EventRounds "9"]
[EventCountry "CUB"]
[EventCategory "8"]
[SourceTitle "CBM 184 Extra"]
[Source "ChessBase"]
[SourceDate "2018.06.28"]
[SourceVersion "1"]
[SourceVersionDate "2018.06.28"]
[SourceQuality "1"]

1. e4 e6 2. d4 d5 3. Nd2 Ne7 4. Nb1 Ng8 5. Nd2 Ne7 6. Ngf3 Ng6 7. h4 h5 8. g3 c5 9. dxc5 Nc6 10. Be2 Bxc5 11. c3 Bb6 12. Ng5 Nge5 13. f4 Ng4 14. Bxg4 hxg4 15. Qxg4 Qe7 16. e5 Bd7 17. Qe2 0-0-0 18. Nb3 d4 19. Bd2 Kb8 20. 0-0-0 a5 21. Kb1 a4 22. Nxd4 Bxd4 23. cxd4 Nxd4 24. Qe1 Nc6 25. Bc3 f6 26. Ne4 fxe5 27. fxe5 Be8 28. Nd6 Bg6+ 29. Ka1 a3 30. bxa3 Rhf8 31. Qe3 Qc7 32. Rh2 Ne7 33. Rb2 Nd5 34. Rxd5 Rf1+ 35. Be1 exd5 36. Rxb7+ Qxb7 37. Nxb7 d4 38. Qe2 Rc8 39. Kb2 Rc2+ 40. Qxc2 Bxc2 41. Kxc2 Rxe1 42. Nc5 Re3 43. g4 Rc3+ 0-1

[Event "Guillermo Garcia Memorial-A 27th"]
[Site "Santa Clara"]
[Date "2018.05.24"]
[Round "3"]
[White "Valdes Romero, Leonardo"]
[Black "Nogueiras Santiago, Jesus"]
[Result "0-1"]
[WhiteElo "2398"]
[BlackElo "2501"]
[PlyCount "65"]
[EventDate "2018.05.22"]
[EventType "tourn"]
[EventRounds "9"]
[EventCountry "CUB"]
[EventCategory "8"]
[SourceTitle "CBM 184 Extra"]
[Source "ChessBase"]
[SourceDate "2018.06.28"]
[SourceVersion "1"]
[SourceVersionDate "2018.06.28"]
[SourceQuality "1"]

1. Nf3 Nf6 2. g3 b5 3. Bg2 Bb7 4. 0-0 e6 5. b3 Be7 6. c4 a6 7. Bb2 c5 8. Nc3 Qb6 9. Rb1 d6 10. d4 Nbd7 11. d5 exd5 12. Nxd5 Nxd5 13. cxd5 0-0 14. e4 Bf6 15. Bxf6 Nxf6 16. Nh4 Rae8 17. Re1 Bc8 18. Qd2 Re7 19. Kh1 Rfe8 20. f3 Qd8 21. Bf1 h6 22. Ng2 Nh7 23. Qd3 Nf8 24. a4 Qb6 25. axb5 axb5 26. Ne3 Ra7 27. Ra1 Bd7 28. Rxa7 Qxa7 29. Nc2 g6 30. Ra1 Qb8 31. Ne3 Qd8 32. Ra7 Qc8 33. Be2 0-1

[Event "Capablanca Memorial op 53rd"]
[Site "Havana"]
[Date "2018.05.13"]
[Round "5"]
[White "Nogueiras Santiago, Jesus"]
[Black "Arribas Robaina, Maritza"]
[Result "1-0"]
[WhiteElo "2501"]
[BlackElo "2265"]
[PlyCount "24"]
[EventDate "2018.05.09"]
[EventType "swiss"]
[EventRounds "10"]
[EventCountry "CUB"]
[SourceTitle "EXT 2021"]
[Source "ChessBase"]
[SourceDate "2020.10.23"]
[SourceVersion "1"]
[SourceVersionDate "2020.10.23"]
[SourceQuality "1"]

1. d4 Nf6 2. c4 e6 3. Bg5 h6 4. Bh4 d6 5. f3 Nbd7 6. Nc3 Be7 7. Bf2 0-0 8. e4 c5 9. d5 exd5 10. cxd5 a6 11. a4 Ne5 12. Nge2 Bd7 1-0

[Event "Mexican op 61st"]
[Site "Monterrey"]
[Date "2015.04.02"]
[Round "4"]
[White "Nogueiras Santiago, Jesus"]
[Black "Lopez Gonzalez, Abel Fabian"]
[Result "1/2-1/2"]
[WhiteElo "2508"]
[BlackElo "2316"]
[PlyCount "65"]
[EventDate "2015.03.31"]
[EventType "swiss"]
[EventRounds "9"]
[EventCountry "MEX"]
[SourceTitle "CBM 165 Extra"]
[Source "ChessBase"]
[SourceDate "2015.04.21"]
[SourceVersion "1"]
[SourceVersionDate "2015.04.21"]
[SourceQuality "1"]

1. c4 Nf6 2. Nc3 g6 3. g3 Bg7 4. Bg2 0-0 5. d4 d6 6. e3 Nbd7 7. Nge2 e5 8. 0-0 Re8 9. h3 h5 10. e4 exd4 11. Nxd4 Nc5 12. Re1 Bd7 13. f3 Qc8 14. h4 Bh3 15. Be3 Bxg2 16. Kxg2 Nfd7 17. Qd2 Ne5 18. b3 c6 19. Rad1 Qc7 20. Rf1 Rad8 21. Nde2 a6 22. Nf4 b5 23. cxb5 axb5 24. Nce2 Nb7 25. Rc1 Ra8 26. Rc2 Qa5 27. Qc1 Ra6 28. Nd4 Nc5 29. Rd1 Rea8 30. Nde2 Nb7 31. Nd4 Nc5 32. Qb1 b4 33. Nde2 1/2-1/2

[Event "Capablanca Memorial op 49th"]
[Site "Havana"]
[Date "2014.05.08"]
[Round "1"]
[White "Gutierrez Delgado, Yusuan Alfredo"]
[Black "Nogueiras Santiago, Jesus"]
[Result "1/2-1/2"]
[WhiteElo "2307"]
[BlackElo "2497"]
[PlyCount "34"]
[EventDate "2014.04.08"]
[EventType "swiss"]
[EventRounds "10"]
[EventCountry "CUB"]
[SourceTitle "CBM 160 Extra"]
[Source "ChessBase"]
[SourceDate "2014.07.01"]
[SourceVersion "1"]
[SourceVersionDate "2014.07.01"]
[SourceQuality "1"]

1. d4 e6 2. c4 d5 3. Nf3 Nf6 4. Nc3 c5 5. cxd5 Nxd5 6. e3 Nc6 7. Bd3 cxd4 8. exd4 Be7 9. 0-0 0-0 10. a3 Bf6 11. Be4 Qd6 12. Nb5 Qd8 13. Nc3 Nce7 14. Qd3 h6 15. Ne5 Nxc3 16. Qxc3 Nf5 17. Be3 a5 1/2-1/2

[Event "Capablanca Memorial op-A 48th"]
[Site "Havana"]
[Date "2013.05.01"]
[Round "10"]
[White "Nogueiras Santiago, Jesus"]
[Black "Fernandez Cardoso, Alexey"]
[Result "1-0"]
[WhiteElo "2493"]
[BlackElo "2453"]
[PlyCount "57"]
[EventDate "2013.04.21"]
[EventType "swiss"]
[EventRounds "10"]
[EventCountry "CUB"]
[SourceTitle "CBM 154 Extra"]
[Source "ChessBase"]
[SourceDate "2013.06.25"]
[SourceVersion "2"]
[SourceVersionDate "2013.06.25"]
[SourceQuality "1"]

1. d4 g6 2. Nf3 Bg7 3. e4 d6 4. Be2 Nf6 5. Nc3 0-0 6. 0-0 Nbd7 7. e5 dxe5 8. dxe5 Ne8 9. e6 fxe6 10. Ng5 Rf6 11. Nce4 Nd6 12. Nxf6+ Nxf6 13. Bc4 Qe8 14. Bxe6+ Bxe6 15. Nxe6 Qf7 16. Nxg7 Kxg7 17. b3 Rf8 18. Bb2 c6 19. Qe2 Kg8 20. Rae1 Nf5 21. Rd1 h5 22. Rfe1 Kh7 23. Qe6 Qg7 24. Rd7 Rf7 25. Rxb7 Qf8 26. h3 c5 27. Rxa7 h4 28. a4 Ng7 29. Qc4 1-0

[Event "Capablanca Memorial op-A 48th"]
[Site "Havana"]
[Date "2013.04.29"]
[Round "8"]
[White "Nogueiras Santiago, Jesus"]
[Black "Oliva Castaneda, Kevel"]
[Result "1/2-1/2"]
[WhiteElo "2493"]
[BlackElo "2376"]
[PlyCount "84"]
[EventDate "2013.04.21"]
[EventType "swiss"]
[EventRounds "10"]
[EventCountry "CUB"]
[SourceTitle "CBM 154 Extra"]
[Source "ChessBase"]
[SourceDate "2013.06.25"]
[SourceVersion "2"]
[SourceVersionDate "2013.06.25"]
[SourceQuality "1"]

1. Nf3 Nf6 2. g3 g6 3. Bg2 Bg7 4. 0-0 0-0 5. c4 d6 6. Nc3 a6 7. d3 e5 8. Rb1 h6 9. b4 c6 10. a4 Be6 11. b5 axb5 12. axb5 Nbd7 13. Bb2 d5 14. bxc6 bxc6 15. cxd5 Nxd5 16. Qc1 Qe7 17. Nd2 Ra6 18. Ra1 Rxa1 19. Qxa1 Nxc3 20. Bxc3 Bd5 21. Rb1 Bxg2 22. Kxg2 Qe6 23. Qa4 Qd5+ 24. Kg1 Nc5 25. Qc4 Qxc4 26. Nxc4 e4 27. Bxg7 Kxg7 28. dxe4 Nxe4 29. Rb7 Nc5 30. Ra7 Kf6 31. f4 g5 32. Rc7 gxf4 33. Rxc6+ Ne6 34. gxf4 Kf5 35. e3 Ke4 36. Kf2 Kd5 37. Ne5 f6 38. e4+ Kxe4 39. Nd7 Nd4 40. Rd6 Rc8 41. Nxf6+ Kxf4 42. Rxd4+ Ke5 1/2-1/2

[Event "Mexico op"]
[Site "Puebla"]
[Date "2013.03.30"]
[Round "8"]
[White "Macieja, Bartlomiej"]
[Black "Nogueiras Santiago, Jesus"]
[Result "1-0"]
[WhiteElo "2630"]
[BlackElo "2493"]
[PlyCount "59"]
[EventDate "2013.03.26"]
[EventType "swiss"]
[EventRounds "9"]
[EventCountry "MEX"]
[SourceTitle "CBM 153 Extra"]
[Source "ChessBase"]
[SourceDate "2013.04.22"]
[SourceVersion "1"]
[SourceVersionDate "2013.04.22"]
[SourceQuality "1"]

1. e4 Nf6 2. e5 Nd5 3. d4 d6 4. Nf3 dxe5 5. Nxe5 c6 6. h3 g6 7. Bc4 Bg7 8. 0-0 0-0 9. Re1 Be6 10. Bf1 Nd7 11. Nf3 Nc7 12. Bg5 Re8 13. Nbd2 Bd5 14. c4 Bxf3 15. Nxf3 Ne6 16. Be3 Nc7 17. Qb3 Qc8 18. Rad1 a5 19. g3 e6 20. h4 a4 21. Qc2 h5 22. Bf4 Rd8 23. Bd3 Nf8 24. Bg5 Re8 25. a3 b5 26. Rc1 bxc4 27. Qxc4 Nb5 28. Ne5 Na7 29. Be3 Rd8 30. Be4 1-0

[Event "Carlos Torre Memorial op 24th"]
[Site "Merida"]
[Date "2012.12.16"]
[Round "5"]
[White "Gongora Montes, Benjamin"]
[Black "Nogueiras Santiago, Jesus"]
[Result "0-1"]
[WhiteElo "2242"]
[BlackElo "2513"]
[PlyCount "62"]
[EventDate "2012.12.14"]
[EventType "swiss"]
[EventRounds "9"]
[EventCountry "MEX"]
[SourceTitle "CBM 152 Extra"]
[Source "ChessBase"]
[SourceDate "2013.02.25"]
[SourceVersion "1"]
[SourceVersionDate "2013.02.25"]
[SourceQuality "1"]

1. d4 d6 2. g3 g6 3. Bg2 Bg7 4. c4 Nf6 5. Nc3 0-0 6. Nf3 Nbd7 7. 0-0 e5 8. e4 exd4 9. Nxd4 Re8 10. Qc2 a6 11. h3 Rb8 12. Be3 c5 13. Nde2 b5 14. Rad1 Rb6 15. Nf4 bxc4 16. Rfe1 Bb7 17. Na4 Rb5 18. Rxd6 Bxe4 19. Bxe4 Nxe4 20. Rxa6 Ng5 21. Rd1 Qc8 22. Ra7 Ne5 23. h4 Ngf3+ 24. Kg2 Qg4 25. Nc3 Rbb8 26. Kf1 Nd3 27. Ncd5 Nxf4 28. Nxf4 Nd4 29. Qc1 Qf3 30. Kg1 Rxe3 31. Rxd4 Bxd4 0-1

[Event "Carlos Torre Memorial op 24th"]
[Site "Merida"]
[Date "2012.12.15"]
[Round "2"]
[White "Nogueiras Santiago, Jesus"]
[Black "Otero Acosta, Diasmany"]
[Result "1/2-1/2"]
[WhiteElo "2513"]
[BlackElo "2445"]
[PlyCount "51"]
[EventDate "2012.12.14"]
[EventType "swiss"]
[EventRounds "9"]
[EventCountry "MEX"]
[SourceTitle "CBM 152 Extra"]
[Source "ChessBase"]
[SourceDate "2013.02.25"]
[SourceVersion "1"]
[SourceVersionDate "2013.02.25"]
[SourceQuality "1"]

1. c4 c5 2. Nf3 b6 3. g3 Bb7 4. Bg2 Nf6 5. 0-0 g6 6. b3 Bg7 7. Bb2 0-0 8. e3 d6 9. d4 e6 10. Qe2 Nbd7 11. Rd1 Qc7 12. Nc3 a6 13. Rd2 Rad8 14. Rad1 Rfe8 15. Ng5 Bxg2 16. Kxg2 cxd4 17. Rxd4 h6 18. Nf3 Nc5 19. h3 Qc6 20. R4d2 Nfe4 21. Nxe4 Nxe4 22. Rd3 Nc5 23. Bxg7 Nxd3 24. Bf6 Ne5 25. Bxd8 Rxd8 26. e4 1/2-1/2

[Event "Carlos Torre Memorial op 24th"]
[Site "Merida"]
[Date "2012.12.14"]
[Round "1"]
[White "Alayola Montanez, Jose Enrique"]
[Black "Nogueiras Santiago, Jesus"]
[Result "0-1"]
[WhiteElo "2097"]
[BlackElo "2513"]
[PlyCount "36"]
[EventDate "2012.12.14"]
[EventType "swiss"]
[EventRounds "9"]
[EventCountry "MEX"]
[SourceTitle "CBM 152 Extra"]
[Source "ChessBase"]
[SourceDate "2013.02.25"]
[SourceVersion "1"]
[SourceVersionDate "2013.02.25"]
[SourceQuality "1"]

1. e4 Nf6 2. Nc3 d6 3. d4 g6 4. f4 Bg7 5. Nf3 0-0 6. Bd3 Nc6 7. e5 dxe5 8. fxe5 Nh5 9. Be3 Bg4 10. Be2 f6 11. exf6 exf6 12. 0-0 Qe7 13. Qd2 Rad8 14. Bc4+ Kh8 15. Rae1 Bxf3 16. gxf3 Qb4 17. Bb3 Nxd4 18. Nd5 Qxd2 0-1

[Event "Guillermo Garcia Memorial-A 20th"]
[Site "Santa Clara"]
[Date "2011.06.01"]
[Round "11"]
[White "Miranda Mesa, Elier"]
[Black "Nogueiras Santiago, Jesus"]
[Result "0-1"]
[WhiteElo "2382"]
[BlackElo "2565"]
[PlyCount "66"]
[EventDate "2011.05.23"]
[EventType "tourn"]
[EventRounds "14"]
[EventCountry "CUB"]
[EventCategory "9"]
[SourceTitle "CBM 142 Extra"]
[Source "ChessBase"]
[SourceDate "2011.06.27"]
[SourceVersion "1"]
[SourceVersionDate "2011.06.27"]
[SourceQuality "1"]

1. e4 Nf6 2. Nc3 d5 3. e5 Ne4 4. Nce2 d4 5. c3 dxc3 6. Qa4+ Nd7 7. Nxc3 Nec5 8. Qd4 Ne6 9. Qe3 Nb6 10. Nf3 Bd7 11. Ng5 g6 12. Be2 Bg7 13. d4 Nxg5 14. Qxg5 Be6 15. Be3 Nd5 16. 0-0 0-0 17. Nxd5 Bxd5 18. f4 e6 19. Qg3 f5 20. Qe1 Rf7 21. Qc3 c6 22. Bd2 Bf8 23. Qa5 Rd7 24. Qxd8 Raxd8 25. Be3 Bb4 26. Kf2 Ba5 27. Rfd1 Bb6 28. Rd2 Be4 29. Bc4 Kf7 30. g3 c5 31. Rad1 cxd4 32. Kf1 Bd5 33. Bxd5 dxe3 0-1

[Event "Guillermo Garcia Memorial-A 20th"]
[Site "Santa Clara"]
[Date "2011.05.29"]
[Round "8"]
[White "Quesada Perez, Yasser"]
[Black "Nogueiras Santiago, Jesus"]
[Result "1/2-1/2"]
[WhiteElo "2401"]
[BlackElo "2565"]
[PlyCount "37"]
[EventDate "2011.05.23"]
[EventType "tourn"]
[EventRounds "14"]
[EventCountry "CUB"]
[EventCategory "9"]
[SourceTitle "CBM 142 Extra"]
[Source "ChessBase"]
[SourceDate "2011.06.27"]
[SourceVersion "1"]
[SourceVersionDate "2011.06.27"]
[SourceQuality "1"]

1. e4 Nf6 2. Nc3 d5 3. e5 Ne4 4. Nce2 d4 5. c3 Nc6 6. Nxd4 Nxd4 7. Qa4+ c6 8. Qxd4 Qxd4 9. cxd4 Ng5 10. Bc4 Ne6 11. Ne2 Nc7 12. d3 Bf5 13. Ng3 e6 14. Ke2 Bg6 15. Ne4 0-0-0 16. Be3 Be7 17. f4 Nd5 18. Bxd5 cxd5 19. Rac1+ 1/2-1/2